000 00691nam a2200229 a 4500
999 _c3206
_d3206
001 3206
003 BD-JhCC
005 20171112095837.0
008 171111s1985 b ||||| |||| 00| 0 b d
035 _a(BD-JhCC)
040 _aBD-JhCC
_dBD-JhCC
041 _aben
082 _a394.2
_bRAH 1985
100 _a রহমান, আতোয়ার
245 _aউৎসব /
_cআতোয়ার রহমান
260 _aঢাকা :
_bবাংলা একাডেমী,
_c১৯৮৫
300 _a104 p. :
_c20cm.
490 _aSeries in honour of the Martyrs of the Language Movement of February 1952.
650 _aFestivals
942 _2ddc
_cBK